000 00664nam a2200229 i 4500
001 bgj
100 1 _aPOGREBIN, Letty Cottin
245 1 0 _aGrowing up free :
_braising your child in the 80's /
_cLetty Cottin Pogrebin.
260 _aNew York ;
_aSt. Louis :
_bMcGraw-Hill Book,
_cc. 1980.
300 _aXII, 641 pp ;
_c25 cm.
504 _aBibliography p. 550-628.
505 _aIncludes index.
650 9 _aChildren
_xManagement
650 9 _aSex role
650 9 _aSexism
020 _a0070503702 (hbk, jacket)
040 _cBPK
041 0 _aeng
920 _a0-07-050370-2 (hbk, jacket)
942 _cKS
008 s uk f |000 0 eng
999 _c41331
_d41331